<?xml version="1.0" encoding="UTF-8"?>
<collection xmlns="http://www.loc.gov/MARC21/slim">
 <record>
  <leader>09545cam a2201333 c 4500</leader>
  <controlfield tag="001">852797613</controlfield>
  <controlfield tag="003">DE-627</controlfield>
  <controlfield tag="005">20251224201537.0</controlfield>
  <controlfield tag="007">tu</controlfield>
  <controlfield tag="008">160315s2018    xxk|||||      00| ||eng c</controlfield>
  <datafield tag="020" ind1=" " ind2=" ">
   <subfield code="a">9781909400498</subfield>
   <subfield code="q">hardback : GBP 127.50</subfield>
  </datafield>
  <datafield tag="024" ind1="3" ind2=" ">
   <subfield code="a">9781909400498</subfield>
  </datafield>
  <datafield tag="035" ind1=" " ind2=" ">
   <subfield code="a">(DE-627)852797613</subfield>
  </datafield>
  <datafield tag="035" ind1=" " ind2=" ">
   <subfield code="a">(DE-576)46119838X</subfield>
  </datafield>
  <datafield tag="035" ind1=" " ind2=" ">
   <subfield code="a">(DE-599)BSZ46119838X</subfield>
  </datafield>
  <datafield tag="035" ind1=" " ind2=" ">
   <subfield code="a">(OCoLC)945551157</subfield>
  </datafield>
  <datafield tag="035" ind1=" " ind2=" ">
   <subfield code="a">(OCoLC)945551157</subfield>
  </datafield>
  <datafield tag="040" ind1=" " ind2=" ">
   <subfield code="a">DE-627</subfield>
   <subfield code="b">ger</subfield>
   <subfield code="c">DE-627</subfield>
   <subfield code="e">rda</subfield>
  </datafield>
  <datafield tag="041" ind1=" " ind2=" ">
   <subfield code="a">eng</subfield>
  </datafield>
  <datafield tag="044" ind1=" " ind2=" ">
   <subfield code="c">XA-GB</subfield>
   <subfield code="c">XA-BE</subfield>
  </datafield>
  <datafield tag="082" ind1="0" ind2=" ">
   <subfield code="a">745.67094309023</subfield>
   <subfield code="q">DE-101</subfield>
  </datafield>
  <datafield tag="082" ind1="0" ind2="4">
   <subfield code="a">740</subfield>
   <subfield code="a">340</subfield>
   <subfield code="a">090</subfield>
   <subfield code="q">DE-101</subfield>
  </datafield>
  <datafield tag="084" ind1=" " ind2=" ">
   <subfield code="a">KUNST</subfield>
   <subfield code="q">DE-16</subfield>
   <subfield code="2">fid</subfield>
  </datafield>
  <datafield tag="084" ind1=" " ind2=" ">
   <subfield code="a">INTRECHT</subfield>
   <subfield code="q">DE-1a</subfield>
   <subfield code="2">fid</subfield>
  </datafield>
  <datafield tag="084" ind1=" " ind2=" ">
   <subfield code="a">1</subfield>
   <subfield code="2">ssgn</subfield>
  </datafield>
  <datafield tag="084" ind1=" " ind2=" ">
   <subfield code="a">PW 5200</subfield>
   <subfield code="2">rvk</subfield>
   <subfield code="0">(DE-625)rvk/140924:</subfield>
  </datafield>
  <datafield tag="084" ind1=" " ind2=" ">
   <subfield code="a">PW 2470</subfield>
   <subfield code="2">rvk</subfield>
   <subfield code="0">(DE-625)rvk/140855:</subfield>
  </datafield>
  <datafield tag="084" ind1=" " ind2=" ">
   <subfield code="a">AM 53600</subfield>
   <subfield code="2">rvk</subfield>
   <subfield code="0">(DE-625)rvk/4357:</subfield>
  </datafield>
  <datafield tag="084" ind1=" " ind2=" ">
   <subfield code="a">NT 6002</subfield>
   <subfield code="2">rvk</subfield>
   <subfield code="0">(DE-625)rvk/131071:</subfield>
  </datafield>
  <datafield tag="084" ind1=" " ind2=" ">
   <subfield code="a">NW 8100</subfield>
   <subfield code="2">rvk</subfield>
   <subfield code="0">(DE-625)rvk/132305:</subfield>
  </datafield>
  <datafield tag="084" ind1=" " ind2=" ">
   <subfield code="a">NY 4550</subfield>
   <subfield code="2">rvk</subfield>
   <subfield code="0">(DE-625)rvk/132344:</subfield>
  </datafield>
  <datafield tag="084" ind1=" " ind2=" ">
   <subfield code="a">AM 53650</subfield>
   <subfield code="2">rvk</subfield>
   <subfield code="0">(DE-625)rvk/4358:</subfield>
  </datafield>
  <datafield tag="084" ind1=" " ind2=" ">
   <subfield code="a">06.19</subfield>
   <subfield code="2">bkl</subfield>
  </datafield>
  <datafield tag="084" ind1=" " ind2=" ">
   <subfield code="a">20.24</subfield>
   <subfield code="2">bkl</subfield>
  </datafield>
  <datafield tag="084" ind1=" " ind2=" ">
   <subfield code="a">15.96</subfield>
   <subfield code="2">bkl</subfield>
  </datafield>
  <datafield tag="084" ind1=" " ind2=" ">
   <subfield code="a">17.93</subfield>
   <subfield code="2">bkl</subfield>
  </datafield>
  <datafield tag="090" ind1=" " ind2=" ">
   <subfield code="a">a</subfield>
  </datafield>
  <datafield tag="100" ind1="1" ind2=" ">
   <subfield code="a">Caviness, Madeline Harrison</subfield>
   <subfield code="d">1938-</subfield>
   <subfield code="e">VerfasserIn</subfield>
   <subfield code="0">(DE-588)136572677</subfield>
   <subfield code="0">(DE-627)584514808</subfield>
   <subfield code="0">(DE-576)166081809</subfield>
   <subfield code="4">aut</subfield>
  </datafield>
  <datafield tag="245" ind1="1" ind2="0">
   <subfield code="a">Women and Jews in the Sachsenspiegel picture-books</subfield>
   <subfield code="c">Madeline H. Caviness and Charles G. Nelson†</subfield>
  </datafield>
  <datafield tag="264" ind1=" " ind2="1">
   <subfield code="a">London</subfield>
   <subfield code="a">Turnhout</subfield>
   <subfield code="b">Harvey Miller Publishers</subfield>
   <subfield code="c">[2018]</subfield>
  </datafield>
  <datafield tag="264" ind1=" " ind2="4">
   <subfield code="c">© 2018</subfield>
  </datafield>
  <datafield tag="300" ind1=" " ind2=" ">
   <subfield code="a">472 Seiten</subfield>
   <subfield code="b">Illustrationen, Karten</subfield>
  </datafield>
  <datafield tag="336" ind1=" " ind2=" ">
   <subfield code="a">Text</subfield>
   <subfield code="b">txt</subfield>
   <subfield code="2">rdacontent</subfield>
  </datafield>
  <datafield tag="337" ind1=" " ind2=" ">
   <subfield code="a">ohne Hilfsmittel zu benutzen</subfield>
   <subfield code="b">n</subfield>
   <subfield code="2">rdamedia</subfield>
  </datafield>
  <datafield tag="338" ind1=" " ind2=" ">
   <subfield code="a">Band</subfield>
   <subfield code="b">nc</subfield>
   <subfield code="2">rdacarrier</subfield>
  </datafield>
  <datafield tag="500" ind1=" " ind2=" ">
   <subfield code="a">Literaturverzeichnis: Seiten 387-421</subfield>
  </datafield>
  <datafield tag="520" ind1=" " ind2=" ">
   <subfield code="a">Contextual analysis of the representation of women and Jews in the fourteenth-century manuscripts of the German law book known as the Sachsenspiegel. A Germanist and an art historian examine the pictures and text in the four densely illustrated manuscripts of the Sachsenspiegel  that were produced in the century following its composition by Eike von Repgow. This is the first extensive study of these famous picture books in English. Using critical frameworks based on performative and feminist theory, the authors give detailed consideration to the social differences reshaped and maintained by text and image. Although Eike’s  project, realized in the early 1220s, was concerned with peaceful  interaction between diverse groups, including Slavic Wends as well as Germans, and with the provision of guardians for the young, the handicapped and the judicially impaired, his text is open to subversion by the images.  Changing emphases in the pictures accord with changing attitudes to women and Jews in the period of production of these works,  between c. 1300 and 1360. A burgeoning book culture in the fourteenth century carried Eike’s law into the town halls at a time when the German cities were increasingly Christianized; market churches were constructed in the judicial and economic hub even as Synagogues disappeared from town centres during the pogroms. The market complex became part of the material culture of the law.</subfield>
  </datafield>
  <datafield tag="583" ind1="1" ind2=" ">
   <subfield code="a">Archivierung/Langzeitarchivierung gewährleistet</subfield>
   <subfield code="f">FID</subfield>
   <subfield code="x">XA-DE-BW</subfield>
   <subfield code="2">pdager</subfield>
   <subfield code="5">DE-16</subfield>
  </datafield>
  <datafield tag="689" ind1="0" ind2="0">
   <subfield code="d">u</subfield>
   <subfield code="0">(DE-588)4135511-8</subfield>
   <subfield code="0">(DE-627)105664561</subfield>
   <subfield code="0">(DE-576)209661364</subfield>
   <subfield code="a">Heidelberger Sachsenspiegel</subfield>
   <subfield code="2">gnd</subfield>
  </datafield>
  <datafield tag="689" ind1="0" ind2="1">
   <subfield code="d">u</subfield>
   <subfield code="0">(DE-588)4339443-7</subfield>
   <subfield code="0">(DE-627)152616454</subfield>
   <subfield code="0">(DE-576)211397652</subfield>
   <subfield code="a">Oldenburger Sachsenspiegel</subfield>
   <subfield code="2">gnd</subfield>
  </datafield>
  <datafield tag="689" ind1="0" ind2="2">
   <subfield code="d">u</subfield>
   <subfield code="0">(DE-588)4683044-3</subfield>
   <subfield code="0">(DE-627)346821649</subfield>
   <subfield code="0">(DE-576)214993671</subfield>
   <subfield code="a">Dresdner Sachsenspiegel</subfield>
   <subfield code="2">gnd</subfield>
  </datafield>
  <datafield tag="689" ind1="0" ind2="3">
   <subfield code="d">u</subfield>
   <subfield code="0">(DE-588)4324991-7</subfield>
   <subfield code="0">(DE-627)128593016</subfield>
   <subfield code="0">(DE-576)211259365</subfield>
   <subfield code="a">Wolfenbütteler Sachsenspiegel</subfield>
   <subfield code="2">gnd</subfield>
  </datafield>
  <datafield tag="689" ind1="0" ind2="4">
   <subfield code="d">s</subfield>
   <subfield code="0">(DE-588)4113617-2</subfield>
   <subfield code="0">(DE-627)104653604</subfield>
   <subfield code="0">(DE-576)209477962</subfield>
   <subfield code="a">Frau</subfield>
   <subfield code="g">Motiv</subfield>
   <subfield code="2">gnd</subfield>
  </datafield>
  <datafield tag="689" ind1="0" ind2="5">
   <subfield code="d">s</subfield>
   <subfield code="0">(DE-588)4123469-8</subfield>
   <subfield code="0">(DE-627)105754935</subfield>
   <subfield code="0">(DE-576)209560002</subfield>
   <subfield code="a">Juden</subfield>
   <subfield code="g">Motiv</subfield>
   <subfield code="2">gnd</subfield>
  </datafield>
  <datafield tag="689" ind1="0" ind2=" ">
   <subfield code="5">DE-101</subfield>
  </datafield>
  <datafield tag="689" ind1="1" ind2="0">
   <subfield code="d">u</subfield>
   <subfield code="0">(DE-588)4127938-4</subfield>
   <subfield code="0">(DE-627)105720984</subfield>
   <subfield code="0">(DE-576)209597852</subfield>
   <subfield code="a">Eike</subfield>
   <subfield code="c">von Repgow</subfield>
   <subfield code="d">1180-1233</subfield>
   <subfield code="t">Sachsenspiegel</subfield>
   <subfield code="2">gnd</subfield>
  </datafield>
  <datafield tag="689" ind1="1" ind2="1">
   <subfield code="d">s</subfield>
   <subfield code="0">(DE-588)4125057-6</subfield>
   <subfield code="0">(DE-627)105743011</subfield>
   <subfield code="0">(DE-576)209573368</subfield>
   <subfield code="a">Frauenbild</subfield>
   <subfield code="2">gnd</subfield>
  </datafield>
  <datafield tag="689" ind1="1" ind2="2">
   <subfield code="d">s</subfield>
   <subfield code="0">(DE-588)4123470-4</subfield>
   <subfield code="0">(DE-627)105754927</subfield>
   <subfield code="0">(DE-576)209560010</subfield>
   <subfield code="a">Judenbild</subfield>
   <subfield code="2">gnd</subfield>
  </datafield>
  <datafield tag="689" ind1="1" ind2="3">
   <subfield code="a">z</subfield>
   <subfield code="2">gnd</subfield>
   <subfield code="a">Geschichte</subfield>
  </datafield>
  <datafield tag="689" ind1="1" ind2=" ">
   <subfield code="5">DE-101</subfield>
  </datafield>
  <datafield tag="689" ind1="2" ind2="0">
   <subfield code="d">u</subfield>
   <subfield code="0">(DE-588)4127938-4</subfield>
   <subfield code="0">(DE-627)105720984</subfield>
   <subfield code="0">(DE-576)209597852</subfield>
   <subfield code="a">Eike</subfield>
   <subfield code="c">von Repgow</subfield>
   <subfield code="d">1180-1233</subfield>
   <subfield code="t">Sachsenspiegel</subfield>
   <subfield code="2">gnd</subfield>
  </datafield>
  <datafield tag="689" ind1="2" ind2="1">
   <subfield code="d">s</subfield>
   <subfield code="0">(DE-588)4113617-2</subfield>
   <subfield code="0">(DE-627)104653604</subfield>
   <subfield code="0">(DE-576)209477962</subfield>
   <subfield code="a">Frau</subfield>
   <subfield code="g">Motiv</subfield>
   <subfield code="2">gnd</subfield>
  </datafield>
  <datafield tag="689" ind1="2" ind2="2">
   <subfield code="d">s</subfield>
   <subfield code="0">(DE-588)4123469-8</subfield>
   <subfield code="0">(DE-627)105754935</subfield>
   <subfield code="0">(DE-576)209560002</subfield>
   <subfield code="a">Juden</subfield>
   <subfield code="g">Motiv</subfield>
   <subfield code="2">gnd</subfield>
  </datafield>
  <datafield tag="689" ind1="2" ind2="3">
   <subfield code="d">s</subfield>
   <subfield code="0">(DE-588)4123470-4</subfield>
   <subfield code="0">(DE-627)105754927</subfield>
   <subfield code="0">(DE-576)209560010</subfield>
   <subfield code="a">Judenbild</subfield>
   <subfield code="2">gnd</subfield>
  </datafield>
  <datafield tag="689" ind1="2" ind2="4">
   <subfield code="d">s</subfield>
   <subfield code="0">(DE-588)4125057-6</subfield>
   <subfield code="0">(DE-627)105743011</subfield>
   <subfield code="0">(DE-576)209573368</subfield>
   <subfield code="a">Frauenbild</subfield>
   <subfield code="2">gnd</subfield>
  </datafield>
  <datafield tag="689" ind1="2" ind2="5">
   <subfield code="d">s</subfield>
   <subfield code="0">(DE-588)4008650-1</subfield>
   <subfield code="0">(DE-627)104318244</subfield>
   <subfield code="0">(DE-576)208877517</subfield>
   <subfield code="a">Buchmalerei</subfield>
   <subfield code="2">gnd</subfield>
  </datafield>
  <datafield tag="689" ind1="2" ind2="6">
   <subfield code="d">s</subfield>
   <subfield code="0">(DE-588)4123412-1</subfield>
   <subfield code="0">(DE-627)104516488</subfield>
   <subfield code="0">(DE-576)209559519</subfield>
   <subfield code="a">Illustration</subfield>
   <subfield code="2">gnd</subfield>
  </datafield>
  <datafield tag="689" ind1="2" ind2="7">
   <subfield code="a">z</subfield>
   <subfield code="2">gnd</subfield>
   <subfield code="a">Geschichte 1220-1800</subfield>
  </datafield>
  <datafield tag="689" ind1="2" ind2=" ">
   <subfield code="5">(DE-627)</subfield>
  </datafield>
  <datafield tag="689" ind1="3" ind2="0">
   <subfield code="d">s</subfield>
   <subfield code="0">(DE-588)4120472-4</subfield>
   <subfield code="0">(DE-627)105776262</subfield>
   <subfield code="0">(DE-576)209535407</subfield>
   <subfield code="a">Illuminierte Handschrift</subfield>
   <subfield code="2">gnd</subfield>
  </datafield>
  <datafield tag="689" ind1="3" ind2="1">
   <subfield code="d">u</subfield>
   <subfield code="0">(DE-588)4127938-4</subfield>
   <subfield code="0">(DE-627)105720984</subfield>
   <subfield code="0">(DE-576)209597852</subfield>
   <subfield code="a">Eike</subfield>
   <subfield code="c">von Repgow</subfield>
   <subfield code="d">1180-1233</subfield>
   <subfield code="t">Sachsenspiegel</subfield>
   <subfield code="2">gnd</subfield>
  </datafield>
  <datafield tag="689" ind1="3" ind2=" ">
   <subfield code="5">(DE-627)</subfield>
  </datafield>
  <datafield tag="700" ind1="1" ind2=" ">
   <subfield code="a">Nelson, Charles G.</subfield>
   <subfield code="d">1925-2008</subfield>
   <subfield code="e">VerfasserIn</subfield>
   <subfield code="0">(DE-588)138407282</subfield>
   <subfield code="0">(DE-627)696597829</subfield>
   <subfield code="0">(DE-576)307463249</subfield>
   <subfield code="4">aut</subfield>
  </datafield>
  <datafield tag="787" ind1="0" ind2="8">
   <subfield code="i">Rezensiert in</subfield>
   <subfield code="a">Kogman-Appel, Katrin, 1958 - </subfield>
   <subfield code="t">[Rezension von: Madeline H. Caviness u. Charles G. Nelson, Women and Jews in the Sachsenspiegel picture-books]</subfield>
   <subfield code="d">2021</subfield>
   <subfield code="w">(DE-627)1795309210</subfield>
  </datafield>
  <datafield tag="787" ind1="0" ind2="8">
   <subfield code="i">Rezensiert in</subfield>
   <subfield code="a">Schmoeckel, Mathias, 1963 - </subfield>
   <subfield code="t">[Rezension von: Law's picture books; Caviness, Madeline Harrison, 1938-, Women and Jews in the Sachsenspiegel picture-books; Prosperi, Adriano, 1939-, Justice blindfolded; The art of law]</subfield>
   <subfield code="d">2021</subfield>
   <subfield code="w">(DE-627)1776020545</subfield>
  </datafield>
  <datafield tag="787" ind1="0" ind2="8">
   <subfield code="i">Rezensiert in</subfield>
   <subfield code="a">Pawis, Johanna</subfield>
   <subfield code="t">[Rezension von: Madeline H. Caviness, Charles G. Nelson, Women and jews in the Sachenspiegel picture-books]</subfield>
   <subfield code="d">2021</subfield>
   <subfield code="w">(DE-627)1901865525</subfield>
  </datafield>
  <datafield tag="787" ind1="0" ind2="8">
   <subfield code="i">Rezensiert in</subfield>
   <subfield code="a">Schmoeckel, Mathias, 1963 - </subfield>
   <subfield code="t">[Rezension von: Law's picture books; Caviness, Madeline Harrison, 1938-, Women and Jews in the Sachsenspiegel picture-books; Prosperi, Adriano, 1939-, Justice blindfolded; The art of law]</subfield>
   <subfield code="d">2021</subfield>
   <subfield code="w">(DE-627)1915944244</subfield>
  </datafield>
  <datafield tag="856" ind1="4" ind2="2">
   <subfield code="u">https://swbplus.bsz-bw.de/bsz852797613inh.htm</subfield>
   <subfield code="m">B:V:DE-576</subfield>
   <subfield code="m">B:B:DE-16</subfield>
   <subfield code="q">application/pdf</subfield>
   <subfield code="v">20190515162926</subfield>
   <subfield code="x">Verlag</subfield>
   <subfield code="3">Inhaltsverzeichnis</subfield>
   <subfield code="7">1</subfield>
  </datafield>
  <datafield tag="935" ind1=" " ind2=" ">
   <subfield code="a">KALD</subfield>
  </datafield>
  <datafield tag="935" ind1=" " ind2=" ">
   <subfield code="i">sf</subfield>
  </datafield>
  <datafield tag="936" ind1="r" ind2="v">
   <subfield code="a">PW 5200</subfield>
   <subfield code="b">Darstellungen zur Reichsverfassung des Mittelalters</subfield>
   <subfield code="k">Rechtswissenschaft</subfield>
   <subfield code="k">Deutsche und ausländische Rechtsgeschichte</subfield>
   <subfield code="k">Darstellungen zur deutschen Rechtsgeschichte(PW 4200 auch für ausländische Rechtsgeschichte)</subfield>
   <subfield code="k">Darstellungen zur Reichsverfassung des Mittelalters</subfield>
   <subfield code="0">(DE-627)1270912763</subfield>
   <subfield code="0">(DE-625)rvk/140924:</subfield>
   <subfield code="0">(DE-576)200912763</subfield>
  </datafield>
  <datafield tag="936" ind1="r" ind2="v">
   <subfield code="a">PW 2470</subfield>
   <subfield code="b">Sachsenspiegel</subfield>
   <subfield code="k">Rechtswissenschaft</subfield>
   <subfield code="k">Deutsche und ausländische Rechtsgeschichte</subfield>
   <subfield code="k">Quellen</subfield>
   <subfield code="k">Volksrechte und Rechtsbücher</subfield>
   <subfield code="k">Sachsenspiegel</subfield>
   <subfield code="0">(DE-627)1270877100</subfield>
   <subfield code="0">(DE-625)rvk/140855:</subfield>
   <subfield code="0">(DE-576)200877100</subfield>
  </datafield>
  <datafield tag="936" ind1="r" ind2="v">
   <subfield code="a">AM 53600</subfield>
   <subfield code="b">Einzelne Themen und Motive</subfield>
   <subfield code="k">Allgemeines</subfield>
   <subfield code="k">Schrift und Handschriftenkunde. Schriftarten und Schreiben</subfield>
   <subfield code="k">Handschriftenkunde</subfield>
   <subfield code="k">Buchmalerei</subfield>
   <subfield code="k">Einzelne Themen und Motive</subfield>
   <subfield code="0">(DE-627)1270666371</subfield>
   <subfield code="0">(DE-625)rvk/4357:</subfield>
   <subfield code="0">(DE-576)200666371</subfield>
  </datafield>
  <datafield tag="936" ind1="r" ind2="v">
   <subfield code="a">NT 6002</subfield>
   <subfield code="b">Einzelbeiträge zum Mittelalter</subfield>
   <subfield code="k">Geschichte</subfield>
   <subfield code="k">Allgemeine Rechts-, Verfassungs- und Verwaltungsgeschichte</subfield>
   <subfield code="k">Darstellungen zur Rechts-, Verfassungs- und Verwaltungsgeschichte</subfield>
   <subfield code="k">Einzelne Staaten und Völker</subfield>
   <subfield code="k">Europa</subfield>
   <subfield code="k">Deutsche Rechtsgeschichte</subfield>
   <subfield code="k">Einzelbeiträge zum Mittelalter</subfield>
   <subfield code="0">(DE-627)1271538598</subfield>
   <subfield code="0">(DE-625)rvk/131071:</subfield>
   <subfield code="0">(DE-576)201538598</subfield>
  </datafield>
  <datafield tag="936" ind1="r" ind2="v">
   <subfield code="a">NW 8100</subfield>
   <subfield code="b">Frauen</subfield>
   <subfield code="k">Geschichte</subfield>
   <subfield code="k">Wirtschafts- und Sozialgeschichte</subfield>
   <subfield code="k">Spezielle Sozialgeschichte</subfield>
   <subfield code="k">Einzelne Stände und Gesellschaftsgruppen</subfield>
   <subfield code="k">Frauen</subfield>
   <subfield code="0">(DE-627)1270766740</subfield>
   <subfield code="0">(DE-625)rvk/132305:</subfield>
   <subfield code="0">(DE-576)200766740</subfield>
  </datafield>
  <datafield tag="936" ind1="r" ind2="v">
   <subfield code="a">NY 4550</subfield>
   <subfield code="b">Allgemeines</subfield>
   <subfield code="k">Geschichte</subfield>
   <subfield code="k">Geschichte der Juden</subfield>
   <subfield code="k">Geschichte der Juden nach Zeitabschnitten und Ländern</subfield>
   <subfield code="k">Mittelalter und Neuzeit</subfield>
   <subfield code="k">Allgemeines</subfield>
   <subfield code="0">(DE-627)1271541211</subfield>
   <subfield code="0">(DE-625)rvk/132344:</subfield>
   <subfield code="0">(DE-576)201541211</subfield>
  </datafield>
  <datafield tag="936" ind1="r" ind2="v">
   <subfield code="a">AM 53650</subfield>
   <subfield code="b">Illumination bestimmter Texte</subfield>
   <subfield code="k">Allgemeines</subfield>
   <subfield code="k">Schrift und Handschriftenkunde. Schriftarten und Schreiben</subfield>
   <subfield code="k">Handschriftenkunde</subfield>
   <subfield code="k">Buchmalerei</subfield>
   <subfield code="k">Illumination bestimmter Texte</subfield>
   <subfield code="0">(DE-627)127208325X</subfield>
   <subfield code="0">(DE-625)rvk/4358:</subfield>
   <subfield code="0">(DE-576)20208325X</subfield>
  </datafield>
  <datafield tag="936" ind1="b" ind2="k">
   <subfield code="a">06.19</subfield>
   <subfield code="j">Handschriftenkunde: Sonstiges</subfield>
   <subfield code="0">(DE-627)106403389</subfield>
  </datafield>
  <datafield tag="936" ind1="b" ind2="k">
   <subfield code="a">20.24</subfield>
   <subfield code="j">Gesellschaft</subfield>
   <subfield code="j">Kultur</subfield>
   <subfield code="x">Ikonographie</subfield>
   <subfield code="0">(DE-627)106423622</subfield>
  </datafield>
  <datafield tag="936" ind1="b" ind2="k">
   <subfield code="a">15.96</subfield>
   <subfield code="j">Geschichte des jüdischen Volkes außerhalb des Staates Israel</subfield>
   <subfield code="0">(DE-627)106404660</subfield>
  </datafield>
  <datafield tag="936" ind1="b" ind2="k">
   <subfield code="a">17.93</subfield>
   <subfield code="j">Literarische Stoffe</subfield>
   <subfield code="j">literarische Motive</subfield>
   <subfield code="j">literarische Themen</subfield>
   <subfield code="0">(DE-627)106404490</subfield>
  </datafield>
  <datafield tag="951" ind1=" " ind2=" ">
   <subfield code="a">BO</subfield>
  </datafield>
  <datafield tag="990" ind1=" " ind2=" ">
   <subfield code="a">Heidelberger Sachsenspiegel</subfield>
  </datafield>
  <datafield tag="990" ind1=" " ind2=" ">
   <subfield code="a">Oldenburger Sachsenspiegel</subfield>
  </datafield>
  <datafield tag="990" ind1=" " ind2=" ">
   <subfield code="a">Dresdner Sachsenspiegel</subfield>
  </datafield>
  <datafield tag="990" ind1=" " ind2=" ">
   <subfield code="a">Wolfenbütteler Sachsenspiegel</subfield>
  </datafield>
  <datafield tag="990" ind1=" " ind2=" ">
   <subfield code="a">Frau</subfield>
  </datafield>
  <datafield tag="990" ind1=" " ind2=" ">
   <subfield code="a">Juden</subfield>
  </datafield>
  <datafield tag="990" ind1=" " ind2=" ">
   <subfield code="a">Eike &lt;von Repgow&gt; / Sachsenspiegel</subfield>
  </datafield>
  <datafield tag="990" ind1=" " ind2=" ">
   <subfield code="a">Frauenbild</subfield>
  </datafield>
  <datafield tag="990" ind1=" " ind2=" ">
   <subfield code="a">Judenbild</subfield>
  </datafield>
  <datafield tag="990" ind1=" " ind2=" ">
   <subfield code="a">Geschichte</subfield>
  </datafield>
  <datafield tag="990" ind1=" " ind2=" ">
   <subfield code="a">Eike &lt;von Repgow&gt; / Sachsenspiegel</subfield>
  </datafield>
  <datafield tag="990" ind1=" " ind2=" ">
   <subfield code="a">Frau</subfield>
  </datafield>
  <datafield tag="990" ind1=" " ind2=" ">
   <subfield code="a">Juden</subfield>
  </datafield>
  <datafield tag="990" ind1=" " ind2=" ">
   <subfield code="a">Judenbild</subfield>
  </datafield>
  <datafield tag="990" ind1=" " ind2=" ">
   <subfield code="a">Frauenbild</subfield>
  </datafield>
  <datafield tag="990" ind1=" " ind2=" ">
   <subfield code="a">Buchmalerei</subfield>
  </datafield>
  <datafield tag="990" ind1=" " ind2=" ">
   <subfield code="a">Illustration</subfield>
  </datafield>
  <datafield tag="990" ind1=" " ind2=" ">
   <subfield code="a">Geschichte 1220-1800</subfield>
  </datafield>
  <datafield tag="990" ind1=" " ind2=" ">
   <subfield code="a">Illuminierte Handschrift</subfield>
  </datafield>
  <datafield tag="990" ind1=" " ind2=" ">
   <subfield code="a">Eike &lt;von Repgow&gt; / Sachsenspiegel</subfield>
  </datafield>
  <datafield tag="991" ind1=" " ind2=" ">
   <subfield code="a">Rezensiertes Werk</subfield>
  </datafield>
  <datafield tag="999" ind1=" " ind2=" ">
   <subfield code="a">KXP-PPN852797613</subfield>
   <subfield code="e">4916171616</subfield>
  </datafield>
 </record>
</collection>
